02402nam a22002177a 450000500170000000700150001700800410003202000220007303500100009504000090010510000280011424501770014225600240031926000410034330000280038450013860041250602700179865000370206874000380210585600410214320240305165633.0cr|||| |||| 220517s2021 es |||||s|||| 00||0 spa d a978-84-123917-1-8 a35647 avLex1 aAgudo González, Jorge12aLa gobernanza del territorioh[Recurso electrónico] :bcooperación interadministrativa, participación ciudadana y derechos de las minorías /cJorge Agudo González aServicio en línea aBarcelona:bJ.M. Bosch Editor,c2021 a1 recurso electrónico aEn esta obra se recogen los resultados del I Congreso de la Red Internacional Latinoamérica-Unión Europea de Estudios Urbanísticos Territoriales y Ambientales, organizado por el Centro de Estudios «Pablo de Olavide» de la Universidad Autónoma de Madrid los días 18 y 19 de febrero de 2021. El libro incorpora contribuciones procedentes de Europa continental (Alemania, Italia, Portugal y España), así como de Iberoamérica (México, Colombia, Brasil, Perú, Argentina y Chile). Desde la vertiente temática, el libro recoge distintos análisis ordenados en tres grupos temáticos, acerca de problemas jurídicos, sociales y económicos que presenta la gobernanza del territorio en la realidad europea y latinoamericana. En primer lugar, se incluyen varios estudios sectoriales sobre cooperación interadministrativa y delimitación competencial entre los distintos niveles administrativos. En segundo lugar, se recogen varias participaciones que abordan la trascendencia de la ordenación del territorio en la protección de poblaciones vulnerables, así como en la defensa de los derechos de las minorías. Por último, se incluye una tercera parte con trabajos comparados dedicados a la participación ciudadana en la gobernanza del territorio, como mecanismo de protección de los intereses colectivos y generales en los procesos territoriales.1 aDisponible solo en los productos indicadosdvLex GlobaldvLex Global (Academic Edition, excluding Law Schools)dvLex Global (U.S. Academic Edition, Law Schools)dvLex Global (U.S. Academic Edition, excluding Law Schools)dvLex Global (Academic Edition, Law Schools)04aDerecho ConstitucionalzEspaña0 avLex Libros (Servicio en línea)40uhttps://app.vlex.com/#/sources/35647